Todos los ganadores de la Premier League (1889-2025) - Estadísticas

Estadísticas generales
  • Esta prueba ha sido intentada 51 veces
  • La puntuación promedio es 15 de 24
Estadísticas de respuestas
Años Años subcampeones Respuesta % Correcto
20 1901, 1906, 1922, 1923, 1947, 1964, 1966, 1973, 1976, 1977, 1979, 1980, 1982, 1983, 1984, 1986, 1988, 1990, 2020, 2025 1899, 1910, 1969, 1974, 1975, 1978, 1985, 1987, 1989, 1991, 2002, 2009, 2014, 2019, 2022 Liverpool FC
100%
10 1937, 1968, 2012, 2014, 2018, 2019, 2021, 2022, 2023, 2024 1904, 1921, 1977, 2013, 2015, 2020 Manchester City FC
100%
20 1908, 1911, 1952, 1956, 1957, 1965, 1967, 1993, 1994, 1996, 1997, 1999, 2000, 2001, 2003, 2007, 2008, 2009, 2011, 2013 1947, 1948, 1949, 1951, 1959, 1964, 1968, 1980, 1988, 1992, 1995, 1998, 2006, 2010, 2012, 2018, 2021 Manchester United FC
100%
13 1931, 1933, 1934, 1935, 1938, 1948, 1953, 1971, 1989, 1991, 1998, 2002, 2004 1926, 1932, 1973, 1999, 2000, 2001, 2003, 2005, 2016, 2023, 2024, 2025 Arsenal FC
93%
6 1955, 2005, 2006, 2010, 2015, 2017 2004, 2007, 2008, 2011 Chelsea FC
93%
1 2016 1929 Leicester City FC
87%
9 1891, 1915, 1928, 1932, 1939, 1963, 1970, 1985, 1987 1890, 1895, 1902, 1905, 1909, 1912, 1986 Everton FC
84%
7 1894, 1896, 1897, 1899, 1900, 1910, 1981 1889, 1903, 1908, 1911, 1913, 1914, 1931, 1933, 1990, 1993 Aston Villa FC
80%
2 1951, 1961 1922, 1952, 1957, 1963, 2017 Tottenham Hotspur FC
80%
1 1978 1967, 1979 Nottingham Forest FC
71%
3 1969, 1974, 1992 1965, 1966, 1970, 1971, 1972 Leeds United FC
69%
3 1912, 1914, 1995 1994 Blackburn Rovers FC
67%
4 1905, 1907, 1909, 1927 1996, 1997 Newcastle United FC
67%
6 1892, 1893, 1895, 1902, 1913, 1936 1894, 1898, 1901, 1923, 1935 Sunderland AFC
60%
1 1898 1897, 1900 Sheffield United FC
53%
4 1903, 1904, 1929, 1930 1961 Sheffield Wednesday FC
53%
3 1954, 1958, 1959 1938, 1939, 1950, 1955, 1960 Wolverhampton Wanderers FC
53%
2 1972, 1975 1896, 1930, 1936 Derby County FC
40%
2 1921, 1960 1920, 1962 Burnley FC
38%
1 1920 1925, 1954 West Bromwich Albion FC
36%
2 1949, 1950 - Portsmouth FC
31%
2 1889, 1890 1891, 1892, 1893, 1906, 1953, 1958 Preston North End FC
31%
1 1962 1981, 1982 Ipswich Town FC
27%
3 1924, 1925, 1926 1927, 1928, 1934 Huddersfield Town FC
24%
No se encontraron pruebas coincidentes
Distribución de puntuación
Porcentaje de gente con cada puntuación
Porcentaje por número respondido
Historial de tus puntuaciones
No has intentado esta prueba.